00480nam a22001457a 4500020001800000082001600018100001700034245005800051260003400109300000800143650002200151942000700173952013700180999001700317 a9789386906915 a320.954 MOR aMore, J.B.P. aMuhammad Ali Jinnah: A Journey from India to Pakistan aNew DelhibNiyogi Booksc2019 a288 aPakistan-Politics cBK 001040708NFICaHMIbHMIcGENd2020-09-15eDasgupta Publishers, Kolkatag595.00l0o320.954 MORp25797r2020-09-25w2020-09-25yBK c23114d23114